Statistiques concernant Mâle, Femelle et Petit des Animaux

Cliquez ici pour prendre le quiz!

Statistiques générales

  • Ce quiz a été pris 28,724 fois
  • Le résultat moyen est 36 sur 62

Statistiques - réponses

Espèce Type de quiz Answer % Correct
HominidéFemelleFemme
99%
Canidé domestiqueFemelleChienne
97%
HominidéPetitEnfant
97%
Félidé sauvage 1FemelleLionne
97%
Félidé domestiqueFemelleChatte
97%
Félidé domestiquePetitChaton
96%
Gallinacé 1MâleCoq
95%
Canidé sauvage 1FemelleLouve
95%
Léporidé domestiqueFemelleLapine
94%
Félidé sauvage 2FemelleTigresse
94%
Canidé domestiquePetitChiot
94%
Félidé sauvage 1PetitLionceau
93%
BovidéPetitVeau
93%
ÉquidéFemelleJument
92%
BovidéMâleTaureau
91%
Gallinacé 1PetitPoussin
91%
Canidé sauvage 2FemelleRenarde
90%
Canidé sauvage 1PetitLouveteau
87%
Gallinacé 2MâleDindon
84%
Canidé sauvage 2PetitRenardeau
82%
ÉquidéPetitPoulain
81%
UrsidéPetitOurson
81%
CapridéMâleBouc
80%
PrimateMâleSinge
80%
Anatidé 2FemelleCane
75%
CapridéPetitChevreau
72%
Anatidé 2PetitCaneton
70%
CamélidéFemelleChamelle
70%
UrsidéFemelleOurse
67%
Léporidé domestiquePetitLapereau
62%
Cervidé 1MâleCerf
61%
Suidé sauvagePetitMarcassin
60%
Cervidé 1FemelleBiche
58%
Suidé domestiqueFemelleTruie
51%
PrimateFemelleGuenon
50%
Cervidé 1PetitFaon
49%
Félidé sauvage 2PetitTigreau
49%
Cervidé 2PetitFaon
48%
OvidéPetitAgneau
47%
OvidéFemelleBrebis
47%
Suidé sauvageFemelleLaie
47%
Gallinacé 2PetitDindonneau
44%
Léporidé sauvageFemelleHase
39%
Phasianidé 1FemelleFaisane
38%
Phasianidé 2FemellePaonne
38%
OvidéMâleBélier
35%
Poisson grasFemelleMaquerelle
33%
Anatidé 1MâleJars
31%
Suidé domestiquePetitGoret
30%
Oiseau noir 2FemelleMerlette
28%
Oiseau noir 2PetitMerleau
25%
Léporidé sauvagePetitLèvreau
23%
Anatidé 1PetitOison
20%
Cervidé 2FemelleChevrette
20%
Phasianidé 2PetitPaonneau
17%
CamélidéPetitChamelon
15%
Oiseau noir 1FemelleCorbeau
15%
Suidé domestiqueMâleVerrat
11%
Phasianidé 1PetitFaisandeau
10%
PrimatePetitGuenuche
3%
Poisson grasPetitLisette
3%
Oiseau noir 1PetitCorbillat
2%

Distribution des résultats

Percentile par nombre de réponses

% des personnes avec chaque résultat

Votre développement - résultats

Vous n’avez pas pris ce quiz